[Event "FRA-chT Top 16 GpB"]
[Site "France"]
[Date "2007.05.02"]
[Round "7.7"]
[White "David, Alberto"]
[Black "Gitzinger, Gregory"]
[Result "1-0"]
[WhiteElo "2525"]
[BlackElo "2215"]
[PlyCount "89"]
[EventDate "2007.02.09"]
[EventType "team-tourn"]
[EventRounds "11"]
[EventCountry "FRA"]
[SourceTitle "EXT 2008"]
[Source "ChessBase"]
[SourceDate "2007.11.25"]
[SourceVersion "1"]
[SourceVersionDate "2007.11.25"]
[SourceQuality "1"]
[WhiteTeam "Clichy"]
[BlackTeam "Metz Fischer"]
[WhiteTeamCountry "FRA"]
[BlackTeamCountry "FRA"]

1. e4 e6 2. d4 d5 3. Nc3 Nf6 4. e5 Nfd7 5. f4 c5 6. Nf3 Nc6 7. Be3 a6 8. Qd2 b5 9. a3 Qb6 10. Ne2 Bb7 11. dxc5 Bxc5 12. Ned4 Nxd4 13. Nxd4 f6 14. b4 Bxd4 15. Bxd4 Qc7 16. exf6 gxf6 17. Be2 Bc6 18. Bg4 Qd6 19. 0-0 0-0-0 20. Rfe1 Rhe8 21. Qe3 f5 22. Bh5 Re7 23. Be2 Qb8 24. a4 e5 25. axb5 Bxb5 26. Rxa6 Bxa6 27. Bxa6+ Kc7 28. Qc3+ Kd6 29. Bxe5+ Rxe5 30. fxe5+ Ke7 31. Bd3 Qb6+ 32. Kh1 Rf8 33. e6 Nf6 34. Bxf5 Rg8 35. Qd2 Qc6 36. Qd4 h5 37. Qa7+ Kd6 38. e7 Ne4 39. Bxe4 dxe4 40. Qd4+ Kxe7 41. Rxe4+ Kf7 42. Qf2+ Kg6 43. Qg3+ Kh6 44. Qe3+ Kg7 45. Qg5+ 1-0

[Event "FRA-chT N1"]
[Site "France"]
[Date "2005.05.08"]
[Round "11"]
[White "Picard, Romain"]
[Black "Gitzinger, Gregory"]
[Result "1-0"]
[WhiteElo "2335"]
[BlackElo "2191"]
[PlyCount "85"]
[EventDate "2005.05.05"]
[EventType "team-tourn"]
[EventRounds "11"]
[EventCountry "FRA"]
[SourceTitle "EXT 2006"]
[Source "ChessBase"]
[SourceDate "2005.11.24"]
[SourceVersion "1"]
[SourceVersionDate "2005.11.24"]
[SourceQuality "1"]

1. e4 e6 2. d4 d5 3. Nd2 Nf6 4. e5 Nfd7 5. Bd3 c5 6. c3 Nc6 7. Ne2 a6 8. 0-0 b5 9. Nf3 Be7 10. Nf4 g6 11. Be3 cxd4 12. cxd4 Nb6 13. b3 Bd7 14. a3 Qc7 15. Qe2 Qb7 16. g3 Rc8 17. h4 Na7 18. Bd2 Rc7 19. Ng5 Bxg5 20. hxg5 Nc6 21. Qe3 Nc8 22. Rfc1 N8e7 23. g4 Ng8 24. Kg2 Kf8 25. Rc5 Nce7 26. Rac1 Rxc5 27. Rxc5 h6 28. gxh6 Nxh6 29. f3 Nhg8 30. Nh3 Kg7 31. Qf4 Nc6 32. Ng5 Be8 33. Rc1 Qe7 34. b4 Nd8 35. Qe3 f6 36. exf6+ Nxf6 37. Rc8 Bd7 38. Rc7 Re8 39. Nh3 Rh8 40. Qg5 Qf7 41. Nf4 Qe8 42. Qxg6+ Qxg6 43. Nxg6 1-0

[Event "Champigny sur Marne op"]
[Site "Champigny sur Marne"]
[Date "2005.03.??"]
[Round "1"]
[White "Barskij, Vladimir"]
[Black "Gitzinger, Gregory"]
[Result "0-1"]
[WhiteElo "1860"]
[BlackElo "2197"]
[PlyCount "40"]
[EventDate "2005.03.??"]
[EventType "swiss"]
[EventRounds "7"]
[EventCountry "FRA"]
[SourceTitle "EXT 2007"]
[Source "ChessBase"]
[SourceDate "2006.11.23"]
[SourceVersion "1"]
[SourceVersionDate "2006.11.23"]
[SourceQuality "1"]

1. d4 e6 2. c4 f5 3. Nf3 Nf6 4. g3 d5 5. Bg2 Be7 6. 0-0 0-0 7. b3 c6 8. Ba3 Bd7 9. cxd5 exd5 10. Ne5 Be8 11. Bh3 Ne4 12. Qd3 Bxa3 13. Nxa3 Nd7 14. Nxd7 Bxd7 15. e3 Qc7 16. Nc2 f4 17. Bxd7 fxg3 18. hxg3 Qxd7 19. Ne1 Qh3 20. Ng2 g5 0-1

[Event "Champigny sur Marne op"]
[Site "Champigny sur Marne"]
[Date "2005.03.??"]
[Round "2"]
[White "Gitzinger, Gregory"]
[Black "Lemoine, Thomas"]
[Result "1-0"]
[WhiteElo "2197"]
[BlackElo "2010"]
[PlyCount "119"]
[EventDate "2005.03.??"]
[EventType "swiss"]
[EventRounds "7"]
[EventCountry "FRA"]
[SourceTitle "EXT 2007"]
[Source "ChessBase"]
[SourceDate "2006.11.23"]
[SourceVersion "1"]
[SourceVersionDate "2006.11.23"]
[SourceQuality "1"]

1. e4 e6 2. d4 d5 3. Nc3 Bb4 4. a3 Bxc3+ 5. bxc3 dxe4 6. Qg4 Nf6 7. Qxg7 Rg8 8. Qh6 b6 9. Bg5 Rg6 10. Qh4 Bb7 11. Ne2 Nbd7 12. Nf4 Rxg5 13. Qxg5 Qe7 14. Bb5 c6 15. Be2 0-0-0 16. Qh4 Qd6 17. 0-0 e5 18. Nh5 exd4 19. Rfd1 c5 20. cxd4 cxd4 21. Ng7 Qe5 22. Qg3 Qc5 23. Qh3 Kb8 24. Nf5 Ne5 25. Rd2 Nc6 26. Rad1 Bc8 27. Qg3+ Kb7 28. Nh6 Be6 29. Qf4 Nd5 30. Qxe4 Nc3 31. Qxh7 Nxd1 32. Rxd1 Qxa3 33. Bf3 Qa2 34. Ng4 Kc7 35. Qe4 Qd5 36. Qf4+ Qd6 37. Qxd6+ Rxd6 38. h4 a5 39. h5 a4 40. Nf6 Rd8 41. Be4 Ne7 42. h6 Ng6 43. h7 Nh8 44. f4 b5 45. g4 b4 46. f5 Bc4 47. g5 b3 48. cxb3 Bxb3 49. Rc1+ Kd6 50. Bd3 a3 51. g6 fxg6 52. fxg6 Ke7 53. Ng4 a2 54. g7 Rc8 55. Re1+ Kf7 56. g8Q+ Rxg8 57. hxg8Q+ Kxg8 58. Ne5 Kg7 59. Kf2 Kf6 60. Kf3 1-0

[Event "FRA-chT2b 0304"]
[Site "France"]
[Date "2004.03.14"]
[Round "9"]
[White "Moulin, Serge"]
[Black "Gitzinger, Gregory"]
[Result "1/2-1/2"]
[WhiteElo "1869"]
[BlackElo "2235"]
[PlyCount "62"]
[EventDate "2003.10.??"]
[EventType "team-tourn"]
[EventRounds "11"]
[EventCountry "FRA"]
[SourceTitle "EXT 2005"]
[Source "ChessBase"]
[SourceDate "2004.11.15"]
[SourceVersion "1"]
[SourceVersionDate "2004.11.15"]
[SourceQuality "1"]

1. Nf3 e6 2. c4 d5 3. g3 Nf6 4. d4 Be7 5. Bg2 0-0 6. cxd5 exd5 7. 0-0 Bf5 8. Qb3 Qc8 9. Nc3 c6 10. Bf4 Nbd7 11. Rac1 Nb6 12. Ne5 Bh3 13. a4 Bxg2 14. Kxg2 Nh5 15. Be3 Bd6 16. a5 Bxe5 17. axb6 Bb8 18. bxa7 Rxa7 19. Ra1 Rxa1 20. Rxa1 f5 21. Bd2 Kh8 22. Ra8 f4 23. Na4 fxg3 24. hxg3 Qg4 25. Qxb7 Qe4+ 26. Kg1 Nxg3 27. fxg3 Qxd4+ 28. e3 Qe5 29. Be1 Qxe3+ 30. Kh2 Qe2+ 31. Kh3 Qf1+ 1/2-1/2

[Event "Vandoeuvre op"]
[Site "Vandoeuvre"]
[Date "2004.??.??"]
[Round "1"]
[White "Monsieux, Sebastien"]
[Black "Gitzinger, Gregory"]
[Result "0-1"]
[WhiteElo "2036"]
[BlackElo "2197"]
[PlyCount "72"]
[EventDate "2004.12.26"]
[EventType "swiss"]
[EventRounds "9"]
[EventCountry "FRA"]
[SourceTitle "CBM 104 Extra"]
[Source "ChessBase"]
[SourceDate "2005.03.01"]
[SourceVersion "1"]
[SourceVersionDate "2005.03.01"]
[SourceQuality "1"]

1. d4 e6 2. c4 f5 3. Nf3 Nf6 4. e3 Be7 5. Be2 0-0 6. 0-0 d5 7. b3 Ne4 8. Qc2 c6 9. Ba3 Nd6 10. Nbd2 Bd7 11. Ne5 Be8 12. Ndf3 Bh5 13. Rac1 Bxf3 14. Bxf3 Nd7 15. Nxd7 Qxd7 16. Rfd1 Ne4 17. Bxe7 Qxe7 18. Qe2 Rf6 19. Rf1 Ng5 20. g3 Nh3+ 21. Kh1 Rh6 22. Bg2 g5 23. Bxh3 Rxh3 24. f3 Qf7 25. e4 f4 26. Qg2 Rh6 27. cxd5 exd5 28. exd5 cxd5 29. gxf4 Qxf4 30. Rc5 Rd8 31. Rfc1 Kh8 32. Rc8 Rxc8 33. Rxc8+ Kg7 34. Qe2 Rf6 35. Qg2 Re6 36. Qg3 Qd2 0-1

[Event "FRA-chT2 0304"]
[Site "France"]
[Date "2003.11.16"]
[Round "3"]
[White "Riff, Vincent"]
[Black "Gitzinger, Gregory"]
[Result "0-1"]
[WhiteElo "2162"]
[BlackElo "2235"]
[PlyCount "110"]
[EventDate "2003.10.??"]
[EventType "team-tourn"]
[EventRounds "11"]
[EventCountry "FRA"]
[SourceTitle "EXT 2005"]
[Source "ChessBase"]
[SourceDate "2004.11.15"]
[SourceVersion "1"]
[SourceVersionDate "2004.11.15"]
[SourceQuality "1"]
[WhiteTeam "Mulhouse III"]
[BlackTeam "Metz Fischer"]
[WhiteTeamCountry "FRA"]
[BlackTeamCountry "FRA"]

1. e4 e6 2. d4 d5 3. Nc3 Nf6 4. Bg5 Be7 5. e5 Nfd7 6. Bxe7 Qxe7 7. f4 0-0 8. Nf3 c5 9. Qd2 Nc6 10. 0-0-0 a6 11. dxc5 Nxc5 12. Nd4 Bd7 13. Kb1 b5 14. Nxc6 Bxc6 15. Ne2 Ne4 16. Qe3 b4 17. Nd4 Qc5 18. Bd3 Rab8 19. Bxe4 dxe4 20. Nf5 Qxe3 21. Nxe3 Rfd8 22. Kc1 Kf8 23. Rxd8+ Rxd8 24. Rd1 Bd5 25. Rd4 a5 26. Nc4 Ke7 27. Ne3 f6 28. Kd2 g5 29. exf6+ Kxf6 30. fxg5+ Ke5 31. c3 bxc3+ 32. bxc3 Rb8 33. Nd1 Rg8 34. Ke3 Rxg5 35. c4 Bc6 36. Rd2 Rh5 37. Nf2 Rg5 38. g3 h5 39. Nh3 Rg7 40. Nf4 h4 41. Rg2 Rg4 42. Ne2 hxg3 43. Rxg3 Rh4 44. h3 Kd6 45. Nf4 e5 46. Ng6 Rh6 47. c5+ Ke6 48. Rg2 Rxh3+ 49. Ke2 e3 50. Rg1 Bb5+ 51. Ke1 e2 52. a4 Ba6 53. Nh4 Kd5 54. Nf5 Rf3 55. Ne7+ Kxc5 0-1

[Event "FRA-chT2 0304"]
[Site "France"]
[Date "2003.10.12"]
[Round "1"]
[White "Gitzinger, Gregory"]
[Black "Lerch, Patrice"]
[Result "0-1"]
[WhiteElo "2235"]
[BlackElo "2350"]
[PlyCount "78"]
[EventDate "2003.10.??"]
[EventType "team-tourn"]
[EventRounds "11"]
[EventCountry "FRA"]
[SourceTitle "EXT 2005"]
[Source "ChessBase"]
[SourceDate "2004.11.15"]
[SourceVersion "1"]
[SourceVersionDate "2004.11.15"]
[SourceQuality "1"]

1. e4 c5 2. Nf3 Nc6 3. d4 cxd4 4. Nxd4 g6 5. c4 Bg7 6. Be3 Nf6 7. Nc3 d6 8. Be2 0-0 9. 0-0 Bd7 10. Nc2 a5 11. Rb1 Qc7 12. h3 Nb4 13. Qd2 Nxc2 14. Qxc2 Rfc8 15. Rfc1 a4 16. g4 Bc6 17. b4 axb3 18. axb3 Nd7 19. f3 d5 20. exd5 Qg3+ 21. Kf1 Qxh3+ 22. Ke1 Bxc3+ 23. Qxc3 Bxd5 24. Bd4 e5 25. Bf2 Ra2 26. Qe3 Be6 27. Ra1 Qh1+ 28. Bf1 Rca8 29. Rxa2 Rxa2 30. Bg3 h5 31. Rd1 hxg4 32. f4 e4 33. Bf2 b6 34. Bg1 Kh7 35. b4 Rc2 36. Qg3 Nf6 37. Qe3 Qh4+ 38. Bf2 g3 39. Bg1 g2+ 0-1

[Event "FRA-ch U20"]
[Site "Hyeres"]
[Date "2002.??.??"]
[Round "4.5"]
[White "Nguyen, Kim David"]
[Black "Gitzinger, Gregory"]
[Result "0-1"]
[WhiteElo "2070"]
[BlackElo "2160"]
[PlyCount "146"]
[EventDate "2002.04.05"]
[EventType "swiss"]
[EventRounds "9"]
[EventCountry "FRA"]
[SourceTitle "EXT 2003"]
[Source "ChessBase"]
[SourceDate "2002.11.25"]
[SourceVersion "1"]
[SourceVersionDate "2002.11.25"]
[SourceQuality "1"]

1. e4 e6 2. d4 d5 3. Nd2 Nf6 4. e5 Nfd7 5. Bd3 c5 6. c3 Nc6 7. Ngf3 cxd4 8. cxd4 Qb6 9. 0-0 Nxd4 10. Nxd4 Qxd4 11. Nf3 Qb6 12. Qa4 Qb4 13. Qc2 Nc5 14. Bd2 Qb6 15. Be3 Bd7 16. Qd2 Qd8 17. Bxc5 Bxc5 18. Qf4 f6 19. Qg4 Qe7 20. Bxh7 f5 21. Bg6+ Kf8 22. Qg3 Rh6 23. h4 Qd8 24. h5 Be8 25. Rac1 Bxg6 26. Rxc5 Bxh5 27. Rfc1 Bxf3 28. Rc7 Bg4 29. f3 Rg6 30. fxg4 Rxg4 31. Qh3 Kg8 32. Qh5 Qf8 33. Rxb7 Rb8 34. Rcc7 Rxb7 35. Rxb7 a5 36. Kh2 Re4 37. Qg5 Rxe5 38. Ra7 d4 39. Rd7 Qf6 40. Qxf6 gxf6 41. Rxd4 Rb5 42. Rd2 Rb4 43. Kg3 Kg7 44. b3 Kg6 45. Rc2 e5 46. Kf3 Kg5 47. Rc8 e4+ 48. Ke2 a4 49. Rc3 axb3 50. axb3 f4 51. Kf2 Kg4 52. Ke2 Rb6 53. Rc4 e3 54. Rc8 Rxb3 55. Rg8+ Kf5 56. Kf3 Rb5 57. g4+ fxg3 58. Rxg3 Re5 59. Ke2 Kf4 60. Rf3+ Kg5 61. Rg3+ Kh4 62. Rg8 f5 63. Rg7 f4 64. Rf7 Kg4 65. Rg7+ Rg5 66. Rf7 Rh5 67. Rg7+ Kf5 68. Rf7+ Ke5 69. Re7+ Kf6 70. Re4 Rh2+ 71. Kd3 Rd2+ 72. Kc3 Kf5 73. Re8 Kg4 0-1